Image Steganography with Improved PSNR / (Record no. 217718)
[ view plain ]
| 000 -LEADER | |
|---|---|
| fixed length control field | 00466 a2200181 4500 |
| 003 - CONTROL NUMBER IDENTIFIER | |
| control field | Nust |
| 005 - DATE AND TIME OF LATEST TRANSACTION | |
| control field | 20201109181939.0 |
| 038 ## - RECORD CONTENT LICENSOR | |
| Staff Name | ATTAULLAH |
| 040 ## - CATALOGING SOURCE | |
| Transcribing agency | Nust |
| 082 ## - DEWEY DECIMAL CLASSIFICATION NUMBER | |
| Classification number | 621.382 |
| 100 ## - MAIN ENTRY--PERSONAL NAME | |
| Personal name | Bajawa, Umer Hayat (MSEE-20) |
| 9 (RLIN) | 34999 |
| 245 ## - TITLE STATEMENT | |
| Title | Image Steganography with Improved PSNR / |
| Statement of responsibility, etc. | Umer Hayat Bajwa |
| 260 ## - PUBLICATION, DISTRIBUTION, ETC. | |
| Place of publication, distribution, etc. | Rawalpind |
| Name of publisher, distributor, etc. | MCS,NUST |
| Date of publication, distribution, etc. | January 2016 |
| 300 ## - PHYSICAL DESCRIPTION | |
| Extent | x, 72 p |
| 650 ## - SUBJECT ADDED ENTRY--TOPICAL TERM | |
| Topical term or geographic name entry element | PG Thesis |
| 9 (RLIN) | 35000 |
| 651 ## - SUBJECT ADDED ENTRY--GEOGRAPHIC NAME | |
| Geographic name | MSEE-20 |
| 9 (RLIN) | 35001 |
| 942 ## - ADDED ENTRY ELEMENTS (KOHA) | |
| Koha item type | Thesis |
| Source of classification or shelving scheme | |
| Withdrawn status | Lost status | Source of classification or shelving scheme | Damaged status | Not for loan | Collection code | Permanent Location | Current Location | Date acquired | Total Checkouts | Full call number | Barcode | Date last seen | Price effective from | Koha item type | Shelving location |
|---|---|---|---|---|---|---|---|---|---|---|---|---|---|---|---|
| Central Library (CL) | Central Library (CL) | 11/09/2020 | 621.382 | CL-T-874 | 11/09/2020 | 11/09/2020 | Thesis | ||||||||
| Military College of Signals (MCS) | Military College of Signals (MCS) | 12/12/2016 | 621.382 BAJ | MCSTEE-261 | 12/08/2016 | 12/12/2016 | Book |
